| 000 | 01377cam a2200397 a 4500 | ||
|---|---|---|---|
| 001 | 13496198 | ||
| 003 | PILC | ||
| 005 | 20160112123103.0 | ||
| 008 | 040220s2004 nyu c 000 1 eng | ||
| 010 | _a 2004002500 | ||
| 020 | _a9780439649827 | ||
| 040 |
_aDLC _cDLC _dDLC |
||
| 042 | _alcac | ||
| 050 | 0 | 0 |
_aPZ 7 _b.D4135 Pan 2004 |
| 082 | 0 | 0 |
_aFIC _bD41 2004 |
| 100 | 1 |
_aDenenberg, Barry. _917264 |
|
| 245 | 1 | 0 |
_aPandora of athens : _b399 B.C. / _cby Barry Denenberg. |
| 250 | _a1st ed. | ||
| 260 |
_aNew York : _bScholastic, _c2004. |
||
| 300 |
_a125 p. ; _c20 cm. |
||
| 490 | 1 | _aLife and times | |
| 600 | 0 | 0 |
_aSocrates _vJuvenile literature. _917265 |
| 600 | 0 | 1 |
_aSocrates _vFiction. _917266 |
| 650 | 1 |
_aConduct of life _vFiction. _917267 |
|
| 650 | 1 |
_aSex role _vFiction. _917268 |
|
| 650 | 1 |
_aPhilosophers _vFiction. _917269 |
|
| 651 | 1 |
_aAthens (Greece) _vFiction. _917270 |
|
| 651 | 1 |
_aGreece _xHistory _ySpartan and Theban Supremacies, 404-362 B.C. _vFiction. _917271 |
|
| 830 | 0 |
_aLife and times (Scholastic) _917272 |
|
| 856 | 4 | 2 |
_3Publisher description _uhttp://www.loc.gov/catdir/description/schol051/2004002500.html |
| 906 |
_a7 _bcbc _corignew _d1 _eecip _f20 _gy-gencatlg |
||
| 942 |
_2lcc _cBK |
||
| 999 |
_c10687 _d10687 |
||